书目信息 |
| 题名: |
这个世界会好吗
|
|
| 作者: | 梁漱溟, 口述 ;艾恺 采访 ;一耽学堂 整理 | |
| 分册: | ||
| 出版信息: | 上海 东方出版中心 2006.01 |
|
| 页数: | 343页 | |
| 开本: | 23cm | |
| 丛书名: | ||
| 单 册: | ||
| 中图分类: | K825.1 | |
| 科图分类: | ||
| 主题词: | 哲学家--zhe xue jia--访问记--中国--现代 | |
| 电子资源: | ||
| ISBN: | 7-80186-437-9 | |
| 000 | 01534nam0 2200301 450 | |
| 001 | 012008610093 | |
| 005 | 20080423140833.67 | |
| 010 | @a7-80186-437-9@dCNY35.00 | |
| 100 | @a20080423d2006 em y0chiy0120 ea | |
| 101 | 0 | @achi |
| 102 | @aCN@b310000 | |
| 105 | @aah z 000yy | |
| 106 | @ar | |
| 200 | 1 | @a这个世界会好吗@Azhe ge shi jie hui hao ma@e梁漱溟晚年口述@d= Has man a future?@f(美) 艾恺采访@F(mei)ai kai cai fang@g梁漱溟口述@Gliang shu ming kou shu@g一耽学堂整理@Gyi dan xue tang zheng li@zeng |
| 210 | @a上海@c东方出版中心@d2006.01 | |
| 215 | @a343页@c图, 摹真@d23cm | |
| 314 | @a梁漱溟先生,1893-1988,原名焕鼎,字寿铭,又字漱溟。生于北京,祖籍广西桂林。中国现代思想家、教育家、社会活动家,现代新儒家的早期代表人物之一。主要著作包括:《东西文化及其哲学》、《乡村建设理论》、《中国文化要义》、《人心与人生》等。 | |
| 330 | @a为帮助读者理解梁漱溟先生的思想,本书特意摘录《梁漱溟全集·思索领悟辑录》(卷八,1993)中的相关论述,置于正文相应部分的开头,以作对照,并将正文里谈及有关人事的评价、作者重要的观点提取出来,置于原文对应的书口,以作强调。 | |
| 510 | 1 | @aHas man a future?@zeng |
| 517 | 1 | @a梁漱溟晚年口述@Aliang shu ming wan nian kou shu |
| 600 | 0 | @a梁漱溟,@Aliang shu ming@f1893-1988@x访问记 |
| 606 | 0 | @a哲学家@Azhe xue jia@x访问记@y中国@z现代 |
| 690 | @aK825.1@v4 | |
| 701 | 0 | @a梁漱溟,@Aliang shu ming@f1893-1988@4口述 |
| 702 | 1 | @a艾恺@Aai kai@g(Alitto, Guy Salvatore)@4采访 |
| 712 | 02 | @a一耽学堂@Ayi dan xue tang@4整理 |
| 801 | 0 | @aCN@bQSSK@c20080423 |
| 905 | @b296681-83@dK825.1@eL412@f3 | |
| 这个世界会好吗:梁漱溟晚年口述= Has man a future?/(美) 艾恺采访/梁漱溟口述/一耽学堂整理.-上海:东方出版中心,2006.01 |
| 343页:图, 摹真;23cm |
| ISBN 7-80186-437-9:CNY35.00 |
| 为帮助读者理解梁漱溟先生的思想,本书特意摘录《梁漱溟全集·思索领悟辑录》(卷八,1993)中的相关论述,置于正文相应部分的开头,以作对照,并将正文里谈及有关人事的评价、作者重要的观点提取出来,置于原文对应的书口,以作强调。 |
| ● |
| 相关链接 |
|
|
|
正题名:这个世界会好吗
索取号:K825.1/L412
 
预约/预借
| 序号 | 登录号 | 条形码 | 馆藏地/架位号 | 状态 | 备注 |
| 1 | 296681 | 202966816 | 社科库309/309社科库 46排3列3层/ [索取号:K825.1/L412] | 在馆 | |
| 2 | 296682 | 202966825 | 社科库309/309社科库 46排3列3层/ [索取号:K825.1/L412] | 在馆 | |
| 3 | 296683 | 202966834 | 社科库309/309社科库 46排3列3层/ [索取号:K825.1/L412] | 在馆 |